000 01196nam a2200337 i 4500
003 EG-ScBUE
005 20260512100008.0
008 150812t1968 nyua f b 001 0 eng d
020 _a00700041245
020 _a9780070041240
040 _aEG-ScBUE
_beng
_erda
_cEG-ScBUE
_dEG-ScBUE
082 0 4 _a512.2076
_bBAU
_222
100 1 _aBaumslag, Benjamin‏,
_eauthor.
_941279
245 1 0 _aTheory and problems of group theory /
_cby Benjamin Baumslag, Bruce Chandler, Depatment of Mathematics, New York University.
246 3 4 _aSchaum’s outline of theory and problems of group theory
264 1 _aNew York :
_bMcGraw-Hill,
_c[1968]
264 4 _cc1968
300 _a279 pages :
_billustrations ;
_c28 cm.
336 _2rdacontent
_atext
_btxt
337 _aunmediated
_2rdamedia
_bn
338 _avolume
_bnc
_2rdacarrier
490 0 _a Schaum’s outline series
504 _aIncludes bibliographical references and index.
650 7 _aGroup theory
_vProblems, exercises, etc.
_2BUEsh
_941280
651 _2BUEsh
653 _bENGGEN
_cAugust2015
653 _bENGELC
_cSeptember2016
655 _vReading book
_934232
700 1 _aChandler, Bruce,
_eauthor.
_941281
942 _2ddc
_cBB
999 _c6380
_d6380